[Event "Kavala op 24th"]
[Site "Kavala"]
[Date "2015.08.04"]
[Round "1"]
[White "Aftsoglou, Ioannis"]
[Black "Kharitonov, Alexandr"]
[Result "0-1"]
[WhiteElo "2066"]
[BlackElo "2560"]
[PlyCount "70"]
[EventDate "2015.08.04"]
[EventType "swiss"]
[EventRounds "9"]
[EventCountry "GRE"]
[SourceTitle "CBM 167 Extra"]
[Source "ChessBase"]
[SourceDate "2015.09.14"]
[SourceVersion "1"]
[SourceVersionDate "2015.09.14"]
[SourceQuality "1"]

1. e4 c6 2. d3 d5 3. Nd2 g6 4. Be2 Bg7 5. Ngf3 e5 6. 0-0 Ne7 7. Re1 0-0 8. c3 h6 9. Qc2 c5 10. Bf1 Nbc6 11. g3 d4 12. c4 a6 13. a3 Qd6 14. Bg2 Be6 15. b3 Rab8 16. Rb1 b6 17. Nf1 Qd7 18. h4 f6 19. Kh2 g5 20. hxg5 fxg5 21. Ng1 Ng6 22. f3 g4 23. fxg4 Bxg4 24. Kh1 h5 25. Nh2 Bf6 26. Bf3 Bxf3+ 27. Ngxf3 Qh3 28. Qg2 Qxg2+ 29. Kxg2 b5 30. Bg5 Nd8 31. cxb5 Rxb5 32. a4 Rb7 33. Bd2 Ne6 34. Rb2 Rfb8 35. Reb1 c4 0-1

[Event "Kavala op-A 21st"]
[Site "Kavala"]
[Date "2012.07.25"]
[Round "1"]
[White "Aftsoglou, Ioannis"]
[Black "Bosiocic, Marin"]
[Result "0-1"]
[WhiteElo "2154"]
[BlackElo "2570"]
[PlyCount "52"]
[EventDate "2012.07.25"]
[EventType "swiss"]
[EventRounds "9"]
[EventCountry "GRE"]
[SourceTitle "CBM 149 Extra"]
[Source "ChessBase"]
[SourceDate "2012.08.24"]
[SourceVersion "1"]
[SourceVersionDate "2012.08.24"]
[SourceQuality "1"]

1. e4 c5 2. Nf3 e6 3. d3 d5 4. Nbd2 Bd6 5. g3 Nc6 6. Bg2 Nge7 7. 0-0 0-0 8. Re1 f6 9. c3 d4 10. c4 e5 11. Bf1 Be6 12. h3 a6 13. g4 Ng6 14. Nh2 Bc7 15. Ndf3 Ba5 16. Bd2 Bxd2 17. Qxd2 Qd7 18. Kh1 Nf4 19. Ng1 b5 20. b3 Ne7 21. Rec1 Rfc8 22. Ne2 Nxe2 23. Bxe2 Ng6 24. Nf1 Nf4 25. Kh2 h5 26. f3 Kf7 0-1

[Event "Kavala op 20th"]
[Site "Kavala"]
[Date "2011.08.01"]
[Round "4"]
[White "Kanmazalp, Ogulcan"]
[Black "Aftsoglou, Ioannis"]
[Result "1-0"]
[WhiteElo "2412"]
[BlackElo "2186"]
[PlyCount "111"]
[EventDate "2011.07.30"]
[EventType "swiss"]
[EventRounds "9"]
[EventCountry "GRE"]
[SourceTitle "CBM 143 Extra"]
[Source "ChessBase"]
[SourceDate "2011.08.29"]
[SourceVersion "1"]
[SourceVersionDate "2011.08.29"]
[SourceQuality "1"]

1. e4 c5 2. Nf3 Nc6 3. Nc3 e6 4. d4 cxd4 5. Nxd4 a6 6. Be2 Nge7 7. Nb3 Ng6 8. Be3 b5 9. f4 Be7 10. Qd2 Na5 11. Nxa5 Qxa5 12. 0-0 Qc7 13. g3 Bb7 14. Bf3 0-0 15. Rad1 Rfd8 16. Qf2 Rac8 17. Rd2 Bc5 18. Bxc5 Qxc5 19. Qxc5 Rxc5 20. e5 Bxf3 21. Rxf3 Rc4 22. Rfd3 Nf8 23. b3 Rc6 24. Ne4 b4 25. Rd6 Rdc8 26. Rxc6 Rxc6 27. Kf1 f6 28. exf6 d5 29. fxg7 Kxg7 30. Nf2 Nd7 31. f5 exf5 32. Rxd5 Nf6 33. Rxf5 Rxc2 34. Ra5 h5 35. Kg1 Rd2 36. Rxa6 Rc2 37. Ra5 Rd2 38. Ra7+ Kf8 39. Ra8+ Ke7 40. Ra7+ Kd8 41. a3 bxa3 42. Rxa3 Nd5 43. Kg2 Ne3+ 44. Kf3 Nc2 45. Ra5 Ne1+ 46. Ke3 Rb2 47. Ne4 Rxh2 48. Rd5+ Kc7 49. Rd1 Nc2+ 50. Kf3 Kb6 51. Nf2 Kb5 52. Rd2 Ne1+ 53. Ke2 Ng2 54. Rd4 h4 55. g4 h3 56. g5 1-0

[Event "Aegean op 33rd"]
[Site "Aghios Kirykos"]
[Date "2010.07.21"]
[Round "9"]
[White "Megalios, Konstantinos"]
[Black "Aftsoglou, Ioannis"]
[Result "0-1"]
[WhiteElo "1896"]
[BlackElo "2155"]
[PlyCount "64"]
[EventDate "2010.07.13"]
[EventType "swiss"]
[EventRounds "9"]
[EventCountry "GRE"]
[SourceTitle "CBM 137 Extra"]
[Source "ChessBase"]
[SourceDate "2010.09.01"]
[SourceVersion "1"]
[SourceVersionDate "2010.09.01"]
[SourceQuality "1"]

1. e4 d6 2. d4 g6 3. c4 Bg7 4. Nc3 c6 5. Be3 a6 6. c5 b5 7. cxb6 Qxb6 8. Qd2 Nf6 9. f3 Nbd7 10. Nge2 Rb8 11. b3 Qb7 12. Ng3 h5 13. Bd3 0-0 14. 0-0 Rd8 15. Rac1 c5 16. Na4 cxd4 17. Bxd4 Ne5 18. Be2 Bd7 19. Bb6 Rdc8 20. Rxc8+ Rxc8 21. Qa5 Bb5 22. Bxb5 axb5 23. Qxb5 Ned7 24. f4 Rb8 25. e5 Ne8 26. e6 Nxb6 27. exf7+ Kxf7 28. f5 g5 29. Qe2 Nxa4 30. Qxh5+ Kf8 31. bxa4 Qb6+ 32. Kh1 Qe3 0-1

[Event "Aegean op 33rd"]
[Site "Aghios Kirykos"]
[Date "2010.07.18"]
[Round "6"]
[White "Aftsoglou, Ioannis"]
[Black "Manakova, Maria"]
[Result "1/2-1/2"]
[WhiteElo "2155"]
[BlackElo "2306"]
[PlyCount "104"]
[EventDate "2010.07.13"]
[EventType "swiss"]
[EventRounds "9"]
[EventCountry "GRE"]
[SourceTitle "CBM 137 Extra"]
[Source "ChessBase"]
[SourceDate "2010.09.01"]
[SourceVersion "1"]
[SourceVersionDate "2010.09.01"]
[SourceQuality "1"]

1. e4 c5 2. Nf3 Nc6 3. d4 cxd4 4. Nxd4 e6 5. g3 a6 6. Bg2 Nge7 7. 0-0 Nxd4 8. Qxd4 Nc6 9. Qc3 b5 10. a3 Bb7 11. Bf4 Rc8 12. Qd2 Bc5 13. Rd1 e5 14. Bg5 f6 15. Be3 Bxe3 16. fxe3 Na5 17. b3 0-0 18. Ra2 Qc7 19. a4 b4 20. Qxb4 f5 21. Qd6 Qxd6 22. Rxd6 Nxb3 23. exf5 Bxg2 24. Kxg2 Nc5 25. g4 h5 26. h3 hxg4 27. hxg4 Rb8 28. Nd2 Rb4 29. c4 Rfb8 30. Kf3 Rd8 31. a5 Kf7 32. Rb6 Rb8 33. Rxb8 Rxb8 34. Ne4 Nb3 35. g5 Ke7 36. Rh2 Rf8 37. f6+ gxf6 38. gxf6+ Ke6 39. c5 Nxa5 40. Ra2 Nc6 41. Rxa6 Rh8 42. Ra3 Kf5 43. f7 Kg6 44. Nd6 Nd8 45. Ra7 Nxf7 46. Nxf7 Kxf7 47. c6 Ke6 48. cxd7 Rd8 49. Ke4 Rh8 50. Kd3 Rd8 51. Kc4 Rxd7 52. Rxd7 Kxd7 1/2-1/2

[Event "GRE-chT 35th"]
[Site "Ermioni Argolidas"]
[Date "2006.07.07"]
[Round "6"]
[White "Darmarakis, Mihail"]
[Black "Aftsoglou, Ioannis"]
[Result "1-0"]
[WhiteElo "2174"]
[BlackElo "2235"]
[PlyCount "103"]
[EventDate "2006.07.03"]
[EventType "team"]
[EventRounds "9"]
[EventCountry "GRE"]
[SourceTitle "CBM 113 Extra"]
[Source "ChessBase"]
[SourceDate "2006.09.14"]
[SourceVersion "1"]
[SourceVersionDate "2006.09.14"]
[SourceQuality "1"]

1. e4 c5 2. Nf3 d6 3. Bc4 e6 4. d3 Ne7 5. Bb3 Nbc6 6. c3 b5 7. 0-0 Ng6 8. Re1 Be7 9. d4 c4 10. Bc2 e5 11. d5 Na5 12. h3 Bd7 13. Nbd2 Nb7 14. Nf1 h6 15. Ng3 Bf8 16. Be3 Ne7 17. Nh2 a5 18. Rf1 g5 19. Nh5 Ng8 20. f4 gxf4 21. Nxf4 Nf6 22. Nh5 Nxh5 23. Qxh5 Rh7 24. Rf3 Rc8 25. Raf1 Qe7 26. Bd1 Nc5 27. Ng4 Bxg4 28. Qxg4 Rc7 29. Rf6 Nd7 30. R6f2 f6 31. a4 b4 32. cxb4 axb4 33. a5 Rf7 34. a6 Nc5 35. a7 Rxa7 36. Bxc5 dxc5 37. Qc8+ Qd8 38. Qe6+ Qe7 39. Bh5 Kd8 40. Bxf7 Qxf7 41. Rxf6 Qxe6 42. Rxe6 Be7 43. Rxh6 Rd7 44. h4 c3 45. bxc3 c4 46. cxb4 Bxb4 47. Rc6 c3 48. h5 Rh7 49. h6 c2 50. Rc1 Bd2 51. R1xc2 Be3+ 52. Kf1 1-0

[Event "GRE-chT 35th"]
[Site "Ermioni Argolidas"]
[Date "2006.07.05"]
[Round "3"]
[White "Aftsoglou, Ioannis"]
[Black "Mihailidis, Anastasios"]
[Result "1/2-1/2"]
[WhiteElo "2235"]
[BlackElo "2252"]
[PlyCount "25"]
[EventDate "2006.07.03"]
[EventType "team"]
[EventRounds "9"]
[EventCountry "GRE"]
[SourceTitle "CBM 113 Extra"]
[Source "ChessBase"]
[SourceDate "2006.09.14"]
[SourceVersion "1"]
[SourceVersionDate "2006.09.14"]
[SourceQuality "1"]

1. e4 e5 2. Nf3 Nc6 3. Bb5 g6 4. 0-0 d6 5. d4 Bd7 6. Bxc6 Bxc6 7. dxe5 Bxe4 8. Re1 d5 9. Nbd2 Bg7 10. Nxe4 dxe4 11. Qxd8+ Rxd8 12. Rxe4 Rd1+ 13. Re1 1/2-1/2

[Event "GRE-chT 35th"]
[Site "Ermioni Argolidas"]
[Date "2006.07.03"]
[Round "1"]
[White "Klokas, Konstantinos"]
[Black "Aftsoglou, Ioannis"]
[Result "0-1"]
[WhiteElo "2193"]
[BlackElo "2235"]
[PlyCount "84"]
[EventDate "2006.07.03"]
[EventType "team"]
[EventRounds "9"]
[EventCountry "GRE"]
[SourceTitle "CBM 113 Extra"]
[Source "ChessBase"]
[SourceDate "2006.09.14"]
[SourceVersion "1"]
[SourceVersionDate "2006.09.14"]
[SourceQuality "1"]

1. e4 c5 2. Nf3 d6 3. d4 cxd4 4. Nxd4 Nf6 5. Nc3 a6 6. Be3 Ng4 7. Bg5 Nf6 8. Bxf6 gxf6 9. Qh5 Nc6 10. Nxc6 bxc6 11. Bc4 e6 12. 0-0 Qb6 13. Bb3 Qd4 14. Rad1 Qe5 15. Qe2 Qc5 16. Kh1 a5 17. Bc4 a4 18. a3 Be7 19. f4 h5 20. f5 d5 21. exd5 exd5 22. Bxd5 cxd5 23. Rxd5 Ba6 24. Qe4 Bb7 25. Rxc5 Bxe4 26. Nxe4 Bxc5 27. Nxc5 Rc8 28. Nxa4 Rxc2 29. g3 h4 30. g4 h3 31. Nc3 Rxb2 32. Nd5 0-0 33. Nxf6+ Kh8 34. Re1 Rc8 35. Kg1 Rg2+ 36. Kf1 Rxh2 37. Kg1 Rg2+ 38. Kf1 Rc4 39. Ne4 Rxg4 40. Nf2 Rcf4 41. Re3 Rh4 42. Ke2 Rxf2+ 0-1

[Event "GRE-chT 34th"]
[Site "Ermioni Argolidas"]
[Date "2005.07.11"]
[Round "9"]
[White "Karagiannis, Athanasios"]
[Black "Aftsoglou, Ioannis"]
[Result "1-0"]
[WhiteElo "2387"]
[BlackElo "2261"]
[PlyCount "49"]
[EventDate "2005.07.04"]
[EventType "team-tourn"]
[EventRounds "9"]
[EventCountry "GRE"]
[SourceTitle "CBM 107 Extra"]
[Source "ChessBase"]
[SourceDate "2005.09.01"]
[SourceVersion "1"]
[SourceVersionDate "2005.09.01"]
[SourceQuality "1"]

1. d4 Nf6 2. Nc3 d6 3. e4 Nbd7 4. f4 c5 5. d5 g6 6. Nf3 Qc7 7. Qe2 Nb6 8. a4 Bg4 9. Qb5+ Nbd7 10. Nd2 a6 11. Qd3 Nb6 12. a5 Nc8 13. Nc4 e6 14. h3 exd5 15. Nb6 Nxb6 16. axb6 Qe7 17. hxg4 dxe4 18. Qe3 0-0-0 19. g5 Ng4 20. Qh3 h5 21. Be2 Bg7 22. Nd5 Qe6 23. Qb3 Bd4 24. Bxa6 Nf2 25. Bb5 1-0

[Event "GRE-chT 34th"]
[Site "Ermioni Argolidas"]
[Date "2005.07.09"]
[Round "7"]
[White "Zalahoras, Nikolaos"]
[Black "Aftsoglou, Ioannis"]
[Result "0-1"]
[WhiteElo "2187"]
[BlackElo "2261"]
[PlyCount "112"]
[EventDate "2005.07.04"]
[EventType "team-tourn"]
[EventRounds "9"]
[EventCountry "GRE"]
[SourceTitle "CBM 107 Extra"]
[Source "ChessBase"]
[SourceDate "2005.09.01"]
[SourceVersion "1"]
[SourceVersionDate "2005.09.01"]
[SourceQuality "1"]

1. c4 Nf6 2. Nc3 d6 3. g3 g6 4. Bg2 Bg7 5. d3 c6 6. e4 Nbd7 7. Nge2 e5 8. 0-0 0-0 9. h3 a6 10. Bg5 b5 11. Qd2 Rb8 12. Rad1 b4 13. Nb1 c5 14. Bh6 Ne8 15. Bxg7 Kxg7 16. f4 f6 17. Rf2 Rb7 18. Rdf1 Nb8 19. g4 Rbf7 20. Ng3 Nc6 21. f5 Nd4 22. Qc1 Nc7 23. Nd2 Na8 24. Nf3 Nb6 25. h4 Nd7 26. Nxd4 exd4 27. g5 Ne5 28. fxg6 hxg6 29. Qd2 fxg5 30. Rxf7+ Rxf7 31. Rxf7+ Kxf7 32. hxg5 Kg7 33. Ne2 Nf7 34. a3 a5 35. axb4 axb4 36. Qf4 Qxg5 37. Qxg5 Nxg5 38. Nf4 Nf7 39. Bf3 Ne5 40. Be2 Bd7 41. Kf2 Ba4 42. Ng2 Bc2 43. Ne1 b3 44. Kg3 Kf6 45. Kf2 Ke7 46. Kg3 Nd7 47. Bg4 Nb6 48. Kf2 Na4 49. Ke2 Nxb2 50. Kd2 Bb1 51. Be2 Na4 52. Bd1 Ba2 53. Ng2 b2 54. Bc2 g5 55. Ne1 Nc3 56. Nf3 Bb3 0-1

[Event "GRE-chT 34th"]
[Site "Ermioni Argolidas"]
[Date "2005.07.06"]
[Round "3"]
[White "Aftsoglou, Ioannis"]
[Black "Vragoteris, Antonios"]
[Result "0-1"]
[WhiteElo "2261"]
[BlackElo "2333"]
[PlyCount "72"]
[EventDate "2005.07.04"]
[EventType "team-tourn"]
[EventRounds "9"]
[EventCountry "GRE"]
[SourceTitle "CBM 107 Extra"]
[Source "ChessBase"]
[SourceDate "2005.09.01"]
[SourceVersion "1"]
[SourceVersionDate "2005.09.01"]
[SourceQuality "1"]

1. e4 c5 2. Nf3 Nc6 3. d3 g6 4. c3 Bg7 5. Be2 d5 6. Nbd2 e5 7. 0-0 Nge7 8. Qc2 0-0 9. a3 a5 10. a4 h6 11. Re1 Be6 12. exd5 Nxd5 13. Nc4 Qc7 14. g3 Rad8 15. Bf1 Rfe8 16. Nh4 g5 17. Ng2 f5 18. f3 f4 19. g4 Qf7 20. Qf2 h5 21. h3 hxg4 22. hxg4 b6 23. Nd2 Bf6 24. Ne4 Kg7 25. Rd1 Rh8 26. Ne1 Rh4 27. Bg2 Rdh8 28. Qe2 Kg6 29. Nf2 Be7 30. Nc2 Nf6 31. c4 Rh2 32. b3 Qh7 33. Bb2 Qh4 34. Bxe5 Qg3 35. Ne1 Nxe5 36. Qxe5 Rxg2+ 0-1

[Event "GRE-chT 32nd"]
[Site "Kallithea"]
[Date "2003.07.11"]
[Round "9"]
[White "Valellis, Georgios"]
[Black "Aftsoglou, Ioannis"]
[Result "0-1"]
[WhiteElo "2155"]
[BlackElo "2235"]
[PlyCount "76"]
[EventDate "2003.07.04"]
[EventType "team-tourn"]
[EventRounds "9"]
[EventCountry "GRE"]
[SourceTitle "CBM 095 Extra"]
[Source "ChessBase"]
[SourceDate "2003.09.04"]
[SourceVersion "1"]
[SourceVersionDate "2003.09.04"]
[SourceQuality "1"]

1. e4 d6 2. d4 g6 3. Nc3 c6 4. a4 a5 5. g3 Bg7 6. Bg2 Qb6 7. Nge2 Nf6 8. h3 Na6 9. 0-0 Nc7 10. d5 c5 11. Be3 Bd7 12. f4 0-0 13. Ra3 Qa6 14. e5 Nfe8 15. Qd2 b6 16. Ne4 Rd8 17. exd6 Nxd6 18. Nxd6 exd6 19. b3 Rde8 20. c4 Re7 21. Nc3 Rxe3 22. Qxe3 Bd4 23. Qxd4 cxd4 24. Ne4 Ne8 25. Ra2 Bf5 26. Rd2 Bxe4 27. Bxe4 Qc8 28. Kg2 Nf6 29. Rxd4 Qc5 30. Rfd1 Re8 31. Bf3 Re3 32. R4d3 h5 33. g4 h4 34. R1d2 Re1 35. Rd4 Qa3 36. Bd1 Ne4 37. Re2 Rxe2+ 38. Bxe2 Ng3 0-1

[Event "GRE-chT 32nd"]
[Site "Kallithea"]
[Date "2003.07.08"]
[Round "5"]
[White "Aftsoglou, Ioannis"]
[Black "Mastrokoukos, Georgios"]
[Result "1/2-1/2"]
[WhiteElo "2235"]
[BlackElo "2363"]
[PlyCount "89"]
[EventDate "2003.07.04"]
[EventType "team-tourn"]
[EventRounds "9"]
[EventCountry "GRE"]
[SourceTitle "CBM 095 Extra"]
[Source "ChessBase"]
[SourceDate "2003.09.04"]
[SourceVersion "1"]
[SourceVersionDate "2003.09.04"]
[SourceQuality "1"]

1. e4 c5 2. Nf3 a6 3. d3 Nc6 4. c3 d5 5. Nbd2 g6 6. Be2 Bg7 7. 0-0 e6 8. Re1 Nge7 9. Qc2 0-0 10. Nf1 b6 11. Bd2 Bb7 12. Rad1 h6 13. Qc1 Kh7 14. Ng3 Rc8 15. Bf1 e5 16. h4 h5 17. Ng5+ Kg8 18. Be2 Qd7 19. f4 exf4 20. Bxf4 Ne5 21. Rd2 Ng4 22. Qd1 Rcd8 23. Bxg4 hxg4 24. e5 Bc8 25. e6 fxe6 26. Qxg4 Qa4 27. Nxe6 Rd6 28. Re4 dxe4 29. Bxd6 Qd7 30. Nxe4 Re8 31. Re2 Qxe6 32. Qxe6+ Bxe6 33. Bxe7 Bg4 34. Nd6 Bxe2 35. Nxe8 Kf7 36. Nxg7 Kxe7 37. h5 gxh5 38. Nf5+ Ke6 39. Kf2 Bxd3 40. Ng7+ Kd5 41. Nxh5 Bb1 42. Ke3 Bxa2 43. Nf4+ Ke5 44. Nd3+ Ke6 45. b4 1/2-1/2

[Event "Kavala op 10th"]
[Site "Kavala"]
[Date "2001.08.23"]
[Round "3"]
[White "Aftsoglou, Ioannis"]
[Black "Bojkov, Dejan"]
[Result "0-1"]
[WhiteElo "2241"]
[BlackElo "2411"]
[PlyCount "74"]
[EventDate "2001.08.21"]
[EventType "swiss"]
[EventRounds "9"]
[EventCountry "GRE"]
[SourceTitle "EXT 2002"]
[Source "ChessBase"]
[SourceDate "2001.11.25"]
[SourceVersion "1"]
[SourceVersionDate "2001.11.25"]
[SourceQuality "1"]

1. e4 e5 2. Nf3 Nc6 3. Bb5 a6 4. Bxc6 dxc6 5. Nc3 Qd6 6. d3 c5 7. Nd5 Ne7 8. Ne3 f6 9. 0-0 Be6 10. Qe2 Nc6 11. c3 0-0-0 12. Rd1 g5 13. b3 h5 14. Bb2 Bh6 15. Ne1 g4 16. N1c2 Qe7 17. Ba3 Bxe3 18. Qxe3 b6 19. d4 exd4 20. cxd4 Nb4 21. Bxb4 cxb4 22. d5 Bf7 23. Nd4 Rde8 24. Re1 Kb7 25. Rac1 Qd7 26. Qf4 Qe7 27. Re2 Qe5 28. Qd2 a5 29. Qd3 Bg6 30. Ne6 Rh7 31. f4 gxf3 32. gxf3 Rxe6 33. dxe6 Qg5+ 34. Kf2 Qxc1 35. Rc2 Qf4 36. Qd5+ Ka7 37. Rd2 Bxe4 0-1

[Event "GRE-ch"]
[Site "Agios Nikolaos"]
[Date "2000.10.22"]
[Round "10"]
[White "Mastrovasilis, Athanasios"]
[Black "Aftsoglou, Ioannis"]
[Result "1-0"]
[WhiteElo "2372"]
[BlackElo "2203"]
[PlyCount "54"]
[EventDate "2000.10.13"]
[EventType "tourn"]
[EventRounds "10"]
[EventCountry "GRE"]
[EventCategory "5"]
[SourceTitle "CBM 078 Extra"]
[Source "ChessBase"]
[SourceDate "2000.11.10"]
[SourceVersion "1"]
[SourceVersionDate "2000.11.10"]
[SourceQuality "1"]

1. Nf3 Nf6 2. g3 d6 3. Bg2 g6 4. 0-0 Bg7 5. d4 0-0 6. c4 Nbd7 7. Nc3 c5 8. b3 Qa5 9. Bb2 cxd4 10. Nxd4 Qh5 11. e3 Qh6 12. Bc1 Ne5 13. e4 Qh5 14. Qxh5 Nxh5 15. Nde2 Nf6 16. h3 Bd7 17. Be3 Rfc8 18. Rfd1 Bf8 19. Rac1 e6 20. f4 Nc6 21. Nb5 Ne8 22. e5 d5 23. cxd5 Nb4 24. Nbc3 exd5 25. a3 Nc6 26. b4 a5 27. Nxd5 axb4 1-0

[Event "GRE-ch"]
[Site "Agios Nikolaos"]
[Date "2000.10.19"]
[Round "7"]
[White "Skembris, Spyridon"]
[Black "Aftsoglou, Ioannis"]
[Result "1-0"]
[WhiteElo "2475"]
[BlackElo "2203"]
[PlyCount "63"]
[EventDate "2000.10.13"]
[EventType "tourn"]
[EventRounds "10"]
[EventCountry "GRE"]
[EventCategory "5"]
[SourceTitle "CBM 078 Extra"]
[Source "ChessBase"]
[SourceDate "2000.11.10"]
[SourceVersion "1"]
[SourceVersionDate "2000.11.10"]
[SourceQuality "1"]

1. d4 Nf6 2. c4 c5 3. d5 e5 4. Nc3 d6 5. e4 Be7 6. g3 0-0 7. Bg2 Ne8 8. Nge2 g6 9. Bh6 Ng7 10. Qd2 a6 11. 0-0 Nd7 12. f4 f5 13. exf5 gxf5 14. fxe5 Nxe5 15. b3 Ng6 16. Rae1 Rf7 17. Rf2 Bd7 18. Ref1 Qc7 19. Ne4 Raf8 20. Ng5 Bxg5 21. Bxg5 b5 22. Nf4 Nxf4 23. Qxf4 bxc4 24. bxc4 Rb8 25. Re2 Rb6 26. Rfe1 Qb8 27. Bf1 Ba4 28. Be7 Bd7 29. Re3 Ba4 30. Bd3 a5 31. Qh6 Bd7 32. g4 1-0

[Event "GRE-ch"]
[Site "Agios Nikolaos"]
[Date "2000.10.14"]
[Round "2"]
[White "Aftsoglou, Ioannis"]
[Black "Pappas, Konstantinos"]
[Result "1/2-1/2"]
[WhiteElo "2203"]
[BlackElo "2122"]
[PlyCount "88"]
[EventDate "2000.10.13"]
[EventType "tourn"]
[EventRounds "10"]
[EventCountry "GRE"]
[EventCategory "5"]
[SourceTitle "CBM 078 Extra"]
[Source "ChessBase"]
[SourceDate "2000.11.10"]
[SourceVersion "1"]
[SourceVersionDate "2000.11.10"]
[SourceQuality "1"]

1. e4 e6 2. d3 d5 3. Nd2 c5 4. Ngf3 Nc6 5. g3 Nf6 6. Bg2 Be7 7. 0-0 0-0 8. e5 Nd7 9. Re1 f6 10. exf6 Bxf6 11. Bh3 Nde5 12. Nxe5 Bxe5 13. Nf3 Qf6 14. Nxe5 Nxe5 15. f4 Nc6 16. Qe2 Nd4 17. Qg2 Bd7 18. c3 Nf5 19. Re5 Bc6 20. Qf2 b6 21. Bd2 Rae8 22. Rae1 Qh6 23. Bg4 Rf6 24. Qe2 Bd7 25. Bh5 g6 26. Bf3 Rff8 27. Bg4 Qg7 28. a4 a5 29. Qd1 Qf6 30. Qb3 Qd8 31. Bxf5 Rxf5 32. Rxf5 gxf5 33. Qa3 Qc7 34. b4 cxb4 35. cxb4 Qc2 36. Be3 Qxa4 37. Qxa4 Bxa4 38. Ra1 Bb5 39. bxa5 bxa5 40. Rxa5 Bxd3 41. Ra7 e5 42. fxe5 Rxe5 43. Kf2 Re6 44. h4 Ra6 1/2-1/2

[Event "GRE-ch"]
[Site "Agios Nikolaos"]
[Date "2000.10.13"]
[Round "1"]
[White "Banikas, Hristos"]
[Black "Aftsoglou, Ioannis"]
[Result "1-0"]
[WhiteElo "2542"]
[BlackElo "2203"]
[PlyCount "57"]
[EventDate "2000.10.13"]
[EventType "tourn"]
[EventRounds "10"]
[EventCountry "GRE"]
[EventCategory "5"]
[SourceTitle "CBM 078 Extra"]
[Source "ChessBase"]
[SourceDate "2000.11.10"]
[SourceVersion "1"]
[SourceVersionDate "2000.11.10"]
[SourceQuality "1"]

1. d4 Nf6 2. c4 d6 3. Nc3 Nbd7 4. Nf3 e5 5. Bg5 Be7 6. e3 0-0 7. Qc2 exd4 8. exd4 Re8 9. Be2 Nf8 10. 0-0 c6 11. Rfe1 Bg4 12. h3 Bd7 13. Bd3 Nh5 14. Be3 g6 15. d5 c5 16. Rab1 Ng7 17. b4 b6 18. bxc5 bxc5 19. Bd2 Nf5 20. Ne4 Rb8 21. Rxb8 Qxb8 22. Bc3 h5 23. Qd2 Nh7 24. g4 hxg4 25. hxg4 Nd4 26. Nxd4 cxd4 27. Bxd4 Bxg4 28. Qh6 Bf8 29. Qxh7+ 1-0

[Event "Kavala op 09th"]
[Site "Kavala"]
[Date "2000.07.28"]
[Round "5"]
[White "Aftsoglou, Ioannis"]
[Black "Mihailidis, Anastasios"]
[Result "1-0"]
[WhiteElo "2203"]
[BlackElo "2126"]
[PlyCount "67"]
[EventDate "2000.07.25"]
[EventType "swiss"]
[EventRounds "9"]
[EventCountry "GRE"]
[SourceTitle "EXT 2001"]
[Source "ChessBase"]
[SourceDate "2000.11.22"]
[SourceVersion "1"]
[SourceVersionDate "2000.11.22"]
[SourceQuality "1"]

1. Nf3 d5 2. d3 Nc6 3. Nbd2 e5 4. e4 Nf6 5. c3 Bc5 6. Be2 0-0 7. 0-0 a6 8. a4 h6 9. Qc2 dxe4 10. dxe4 Nh7 11. Nc4 Qe7 12. b4 Bd6 13. Ne3 Ng5 14. Nxg5 hxg5 15. Rd1 g6 16. Nd5 Qd8 17. Qd2 f6 18. Nxc7 Bxc7 19. Qa2+ Kg7 20. Rxd8 Rxd8 21. Be3 Bd7 22. Bc4 Ne7 23. Bc5 Ng8 24. Bd5 Bc6 25. Bxc6 bxc6 26. Qc4 Rd7 27. h3 f5 28. a5 Nf6 29. f3 g4 30. hxg4 fxg4 31. fxg4 Rad8 32. Rf1 Nxg4 33. Qe6 Nh6 34. Be7 1-0

[Event "Patras op"]
[Site "Patras"]
[Date "2000.??.??"]
[Round "6"]
[White "Aftsoglou, Ioannis"]
[Black "Koukoufikis, Alexandros"]
[Result "1-0"]
[WhiteElo "2223"]
[BlackElo "2188"]
[PlyCount "83"]
[EventDate "2000.??.??"]
[EventType "swiss"]
[EventRounds "9"]
[EventCountry "GRE"]
[SourceTitle "EXT 2001"]
[Source "ChessBase"]
[SourceDate "2000.11.22"]
[SourceVersion "1"]
[SourceVersionDate "2000.11.22"]
[SourceQuality "1"]

1. e4 d6 2. d4 g6 3. Be3 Bg7 4. c3 Nf6 5. f3 0-0 6. Bd3 e5 7. Ne2 Nc6 8. 0-0 d5 9. h3 exd4 10. cxd4 dxe4 11. fxe4 Nb4 12. Nbc3 c5 13. d5 Nxd3 14. Qxd3 Nd7 15. Qd2 b6 16. Bh6 Ne5 17. Bxg7 Kxg7 18. Qf4 Nd3 19. Qg3 Ba6 20. Rab1 Qb8 21. d6 Qe8 22. Nf4 Qe5 23. Rf3 Nxf4 24. Rxf4 f6 25. Rd1 Rad8 26. Rd5 Qe6 27. e5 f5 28. Ra4 Bb7 29. Rxa7 Rd7 30. Rd2 f4 31. Qe1 Rf5 32. Rxb7 Rxb7 33. Qe4 Rbf7 34. Qd5 Qc8 35. d7 Qd8 36. Qd6 Qh4 37. Rd1 f3 38. d8Q Qg3 39. Q8f6+ Kh6 40. Qd2+ Kh5 41. Ne4 f2+ 42. Kf1 1-0

[Event "Patras op"]
[Site "Patras"]
[Date "2000.??.??"]
[Round "3"]
[White "Todic, Zoran"]
[Black "Aftsoglou, Ioannis"]
[Result "1-0"]
[WhiteElo "2258"]
[BlackElo "2223"]
[PlyCount "97"]
[EventDate "2000.??.??"]
[EventType "swiss"]
[EventRounds "9"]
[EventCountry "GRE"]
[SourceTitle "EXT 2001"]
[Source "ChessBase"]
[SourceDate "2000.11.22"]
[SourceVersion "1"]
[SourceVersionDate "2000.11.22"]
[SourceQuality "1"]

1. e4 d6 2. d4 Nd7 3. Nf3 e5 4. Bc4 c6 5. dxe5 dxe5 6. Ng5 Nh6 7. a4 Be7 8. Qh5 Nf6 9. Qe2 Bg4 10. f3 Bd7 11. h4 Nh5 12. Qf2 0-0 13. Be3 Kh8 14. Nc3 Qa5 15. 0-0-0 Be8 16. Bb3 Ng8 17. g4 Nhf6 18. Kb1 h6 19. Ne2 b5 20. axb5 Qxb5 21. Nc3 Qb7 22. Na4 Nd7 23. Qd2 Ngf6 24. Nh3 Nh7 25. g5 h5 26. f4 Qb4 27. Qxb4 Bxb4 28. f5 Be7 29. Nf2 c5 30. Rd5 Nb6 31. Nxb6 axb6 32. Rhd1 Ra7 33. Rxe5 Bc6 34. Bf4 Rfa8 35. c3 Ra1+ 36. Kc2 Rxd1 37. Kxd1 Bd6 38. Bxf7 Bxe5 39. Bxe5 Ra7 40. Bxh5 Kg8 41. Bg6 Nf8 42. h5 Nxg6 43. hxg6 Rd7+ 44. Ke2 Re7 45. Bd6 Rxe4+ 46. Kd2 Re8 47. f6 Bd5 48. Ng4 Rd8 49. Be7 1-0